[Event "Minsk Kupreichik Memorial rapid"]
[Site "Minsk"]
[Date "2019.08.16"]
[Round "5"]
[White "Kashtelyan, Valentin"]
[Black "Ustiugov, Boris"]
[Result "1/2-1/2"]
[WhiteElo "1488"]
[BlackElo "1567"]
[PlyCount "194"]
[EventDate "2019.08.15"]
[EventType "swiss (rapid)"]
[EventRounds "10"]
[EventCountry "BLR"]
[SourceTitle "CBM 191 Extra"]
[Source "ChessBase"]
[SourceDate "2019.09.30"]
[SourceVersion "1"]
[SourceVersionDate "2019.09.30"]
[SourceQuality "1"]

1. e4 c5 2. Nf3 d6 3. d4 cxd4 4. Qxd4 Nc6 5. Bb5 Bd7 6. Bxc6 Bxc6 7. Nc3 e6 8. Bg5 Nf6 9. Bxf6 gxf6 10. 0-0-0 Be7 11. g3 Qa5 12. Kb1 0-0-0 13. Rhe1 Kb8 14. Nd2 Rd7 15. f4 Rhd8 16. Nb3 Qc7 17. Qe3 Rc8 18. Rc1 b6 19. Nd4 Bb7 20. Red1 Qc5 21. Qe2 a6 22. f5 e5 23. Nb3 Qc4 24. Qe3 Qc7 25. Nd5 Bxd5 26. Rxd5 Qb7 27. Rcd1 Rc4 28. c3 Rdc7 29. Nd2 R4c6 30. Qh6 Qc8 31. Rc1 Qg8 32. Qe3 Kb7 33. Nb3 Qg5 34. Qe2 h5 35. h4 Qg4 36. Qxg4 hxg4 37. Nd2 b5 38. Nb3 Kb6 39. Rd3 Bf8 40. Rcd1 Rd7 41. Nd2 a5 42. Nf1 Rc4 43. Nd2 Rc6 44. Nf1 Rc4 45. Nd2 Rc6 46. Nf1 Bh6 47. b3 Kc7 48. Kb2 Kd8 49. Nh2 Ke7 50. Nxg4 Bg7 51. h5 Rd8 52. h6 Bh8 53. Ne3 Rg8 54. R1d2 Rg5 55. g4 Rg8 56. Rd5 Rb6 57. Rc2 Rc8 58. Rd1 Rbc6 59. Rg1 b4 60. Nd5+ Kd7 61. c4 a4 62. bxa4 Ra6 63. Kb3 Rca8 64. Nxb4 Rxa4 65. Rc3 Ra3+ 66. Kb2 Rxc3 67. Kxc3 Ra3+ 68. Kc2 Re3 69. g5 fxg5 70. Rxg5 Rxe4 71. Kd3 Rh4 72. Nd5 Rxh6 73. Rg1 Rh3+ 74. Ke4 Rh4+ 75. Kd3 Rd4+ 76. Kc3 Rh4 77. f6 Rh6 78. Rf1 Rh3+ 79. Kb4 Kc6 80. a4 Rh2 81. Ne7+ Kb7 82. Rb1 Bxf6 83. Nd5 Bg5 84. Kb5 Bd8 85. a5 Rd2 86. a6+ Ka7 87. Kc6 Rc2 88. Rb4 f5 89. Kxd6 f4 90. Rb7+ Ka8 91. Rf7 Rxc4 92. Rf8 Ka7 93. Rxd8 f3 94. Rf8 Kxa6 95. Kxe5 Kb5 96. Rxf3 Kc5 97. Rc3 Rxc3 1/2-1/2